000 00359 a2200157 4500
001 71820
020 _a8508012926
040 _cAnchieta - Colégio São Paulo
240 1 0 _aHistórias da carochinha
_lpor
245 1 0 _aHistórias da carochinha
300 _a79
362 0 _a1987
440 1 _aÁtica
650 4 _aLiteratura infanto-juvenil
942 _cBK
999 _c71820
_d71820